| 000 | 00969nam a2200241Ia 4500 | ||
|---|---|---|---|
| 999 |
_c48424 _d48424 |
||
| 001 | 15316 | ||
| 003 | GE_BSU | ||
| 005 | 20221114114824.0 | ||
| 008 | 181216s2012||||enk|||||||||||||| ||eng|| | ||
| 020 | _a9781780520704x | ||
| 040 | _cGE_BSU | ||
| 080 | _a338.48+339.138 S-81 | ||
| 245 |
_aStrategic Marketing in Tourism Services / _cEdited by: Rodoula H. Tsiotsou et Ronald E. Goldsmith. |
||
| 250 | _aFirst edition | ||
| 264 |
_aAmerica, _c2012. |
||
| 300 |
_a337 p.; _bill; _c26 cm. |
||
| 653 | _aStrategic Marketing in Tourism Services | ||
| 653 | _aსტრატეგიული მარკეტინგი ტურისტულ მომსახურებაში | ||
| 653 | _aСтратегический маркетинг в сфере туристических услуг | ||
| 700 |
_aTsiotsou, Rodoula H. _eრედაქტორი _913096 |
||
| 700 |
_aGoldsmith, Ronald E. _eრედაქტორი _913097 |
||
| 942 |
_cBK _2udc |
||